Trương Vĩnh Ký : 1837 - 1898 /

Đã lưu trong:
書目詳細資料
主要作者: Khổng Xuân Thu
格式: Sách giấy
語言:Vietnamese
出版: Sàigòn : Tân Việt , 1958
標簽: 添加標簽
沒有標簽, 成為第一個標記此記錄!
Thư viện lưu trữ: Thư viện Trường Đại học Đà Lạt
LEADER 00562nam a2200241 4500
001 DLU020014154
005 ##6/25/2000
020 # # |a 978- 
041 # # |a vie 
082 # # |a 895.922 809  |b KH-T 
100 # # |a Khổng Xuân Thu 
245 # # |a Trương Vĩnh Ký :  |b 1837 - 1898 /  |c Khổng Xuân Thu 
260 # # |a Sàigòn :  |b Tân Việt ,  |c 1958 
300 # # |a 147 tr.;   |c 21 cm. 
992 # # |a 219 
994 # # |a DLU 
900 # # |a False 
911 # # |a Administrator 
925 # # |a G 
926 # # |a A 
927 # # |a SH 
980 # # |a Thư viện Trường Đại học Đà Lạt